00699nam a2200181Ia 4500003000200000005001700002008004100019050003000060100002500090245009600115260009000211300003900301504004100340650003800381650003100419650003800450650002900488020250130084404.0150126s9999 xx 000 0 und d aPHS HQ 799.15b.G948 2014 aGuido, Gian Carla B. aStress management and time management of S.I.S.C. grade 11 students /cGian Carla B. Guido. aLas Piñas City, Philippines :bSouthville International School and Colleges,c2014. a53 pages :billustration ;c28 cm. aIncludes bibliographical references. aStress management in adolescence. aTime managementvStudents. aHigh school studentsvPsychology. aStudentsvMental health.